000 00524nam a22001697a 4500
999 _c8016
_d8017
008 190704b ||||| |||| 00| 0 eng d
020 _a9780534263706
082 _a305 H54i 1997
100 _aHergenhahn, B. R
245 _aAn introduction to the history of psychology
250 _a3rd ed
260 _aPacific Grove :
_bBrooks/Cole Pub.,
_c1997.
300 _axv, 640 p. : ill. ;
_c24 cm.
500 _aIncludes bibliographical references (p. 591-615) and indexes.
650 _a Psychology--History.
942 _2ddc